Catálogo
 En Linea

Pedro Santana : (Registro nro. 48932)

Detalles MARC
000 -CABECERA
campo de control de longitud fija 01100nam a2200277 a 4500
001 - NÚMERO DE CONTROL
campo de control
003 - IDENTIFICADOR DEL NÚMERO DE CONTROL
campo de control DO-SdBNP
005 - FECHA Y HORA DE LA ÚLTIMA TRANSACCIÓN
campo de control 20250618094434.0
007 - CAMPO FIJO DE DESCRIPCIÓN FÍSICA--INFORMACIÓN GENERAL
campo de control de longitud fija ta
008 - DATOS DE LONGITUD FIJA--INFORMACIÓN GENERAL
campo de control de longitud fija 081127s2008 dr a 000 0 spa d
040 ## - FUENTE DE LA CATALOGACIÓN
Centro catalogador/agencia de origen DO-SdBNP
Lengua de catalogación spa
Centro/agencia transcriptor DO-SdBNP
082 #4 - NÚMERO DE LA CLASIFICACIÓN DECIMAL DEWEY
Número de clasificación 923.27293
Número de documento/Ítem S232C, 2008
Número de edición 22
100 1# - ENTRADA PRINCIPAL--NOMBRE DE PERSONA
Nombre de persona Cassá, Roberto,
Fechas asociadas al nombre 1948-
9 (RLIN) 10888
245 10 - MENCIÓN DE TÍTULO
Título Pedro Santana :
Resto del título autócrata y anexionista /
Mención de responsabilidad, etc. Roberto Cassá ; ilustraciones, Ramiro Manzano
250 ## - MENCIÓN DE EDICIÓN
Mención de edición 3a. ed.
260 ## - PUBLICACIÓN, DISTRIBUCIÓN, ETC.
Lugar de publicación, distribución, etc. Santo Domingo :
Nombre del editor, distribuidor, etc. Tobogán,
Fecha de publicación, distribución, etc. 2008
300 ## - DESCRIPCIÓN FÍSICA
Extensión 64 p. :
Otras características físicas il. ;
Dimensiones 21 cm.
490 0# - MENCIÓN DE SERIE
Mención de serie Biografías dominicanas Tobogán
500 ## - NOTA GENERAL
Nota general incluye datos biográficos.
504 ## - NOTA DE BIBLIOGRAFÍA, ETC.
Nota de bibliografía, etc.
505 0# - NOTA DE CONTENIDO CON FORMATO
Nota de contenido con formato Autócrata y anexionista -- Inicios -- Preparación de la Independencia -- Jefe del frente Sur -- Conato de guerra civil con Los Trinitarios -- Primera presidencia 31 -- Ruptura con Báez -- Tercera administración -- Preparativos de la anexión a España -- Capitán general -- La última batalla.
590 ## - NOTA LOCAL (RLIN)
Nota local Inventariado.2020/VM
700 1# - PUNTO DE ACCESO ADICIONAL--NOMBRE DE PERSONA
Nombre de persona Manzano, Pedro
Término indicativo de función/relación il.
9 (RLIN) 56560
910 ## - DATOS DE OPCIÓN DEL USUARIO (OCLC)
Datos de opción del usuario V/M
942 ## - ELEMENTOS DE PUNTO DE ACCESO ADICIONAL (KOHA)
Fuente del sistema de clasificación o colocación Dewey Decimal Classification
Tipo de ítem Koha Libro
Existencias
Estado de retiro Estado de pérdida Fuente del sistema de clasificación o colocación Restricciones de uso No para préstamo Código de colección Localización permanente Ubicación/localización actual Ubicación en estantería Fecha de adquisición Fuente de adquisición Total de préstamos Signatura topográfica completa Código de barras Fecha visto por última vez Precio válido a partir de Tipo de ítem Koha Número de copia
    Dewey Decimal Classification Préstamo en sala   Dominicana de Servicio Biblioteca Nacional Pedro Henríquez Ureña General Depósito 20.10.2020 Deposito Legal   BNPHU DS 923.27293 S232C 2008 2020-0195 21.10.2020 20.10.2020 Libro y Folleto Colección Dominicana de Servicio e.3
    Dewey Decimal Classification Préstamo en sala   Dominicana de Servicio Biblioteca Nacional Pedro Henríquez Ureña General Depósito 20.10.2020 Deposito Legal   BNPHU DS 923.27293 S232C 2008 2021-1688 21.10.2020 20.10.2020 Libro y Folleto Colección Dominicana de Servicio e.4
    Dewey Decimal Classification Excluido de préstamo Excluido de préstamo Patrimonio Dominicano Biblioteca Nacional Pedro Henríquez Ureña Patrimonio Dominicano Depósito 20.10.2020 Deposito Legal   BNPHU PD 923.27293 S232C 2008 2020-0192 20.10.2020 20.10.2020 Libro y Folleto Colección Patrimonio Dominicano  
    Dewey Decimal Classification Excluido de préstamo Préstamo restrigido Patrimonio Dominicano Biblioteca Nacional Pedro Henríquez Ureña Patrimonio Dominicano Depósito 20.10.2020 Depósito Legal   BNPHU PD 923.27293 S232C 2008 2021-1690 21.10.2020 21.10.2020 Libro y Folleto Colección Patrimonio Dominicano e.2

Con tecnología Koha